| 000 | 00614nam a2200217 a 4500 | ||
|---|---|---|---|
| 001 | 31303 | ||
| 005 | 20180713234701.0 | ||
| 008 | 140415s2000 mx 000 0 spa d | ||
| 020 | _a9686034862 | ||
| 041 | _aspa | ||
| 082 |
_a320.101 _bSAN |
||
| 100 | 1 |
_aAndrade Sánchez, Eduardo _eautor |
|
| 245 | 1 | 0 | _aTeoría general del estado. |
| 250 | _aPrimera edición | ||
| 264 |
_aMéxico : _bOxford, _c2000 |
||
| 300 |
_a474 Páginas ; _c24 cm. |
||
| 336 |
_atexto _2rdacontent |
||
| 337 |
_asin mediación _2rdamedia |
||
| 338 |
_avolumen _2rdacarrier |
||
| 700 | 1 |
_aMartinez Jimenez, Jorge _etr. |
|
| 999 |
_c31303 _d31303 |
||